[Event "AUT-chT 1999/2000"]
[Site "Graz"]
[Date "2000.03.17"]
[Round "9.5"]
[White "Titz, Heimo"]
[Black "Neubauer, Martin"]
[Result "0-1"]
[WhiteElo "2297"]
[BlackElo "2348"]
[PlyCount "150"]
[EventDate "2000.03.17"]

1. c4 g6 2. e4 e5 3. Nf3 Bg7 4. d4 exd4 5. Nxd4 Nf6 6. Nc3 O-O 7. Be2 Re8 8. f3
c6 9. Nc2 d5 10. cxd5 cxd5 11. Nxd5 Nxd5 12. Qxd5 Qh4+ 13. g3 Qf6 14. O-O Nc6
15. Kg2 Be6 16. Qg5 Qxg5 17. Bxg5 Bxb2 18. Rab1 Bg7 19. Rxb7 Bxa2 20. Bb5 Rec8
21. Bxc6 Rxc6 22. Nb4 Rb6 23. Rxb6 axb6 24. Rd1 Bc4 25. Be3 b5 26. Bd4 Bxd4 27.
Rxd4 Ra4 28. Nc6 Ra2+ 29. Kg1 Rb2 30. g4 Be6 31. h4 Rc2 32. Nb4 Re2 33. g5 h6
34. Nd5 hxg5 35. hxg5 Bxd5 36. exd5 Kf8 37. Kf1 Rb2 38. d6 Ke8 39. d7+ Kd8 40.
Ke1 b4 41. Kd1 b3 42. Rd3 Rb1+ 43. Kd2 b2 44. Kc2 Rg1 45. Kxb2 Rxg5 46. Kc3 Re5
47. Kd4 Re7 48. Ra3 Kxd7 49. Ra8 Re1 50. Rh8 Ke7 51. Rh4 Kf6 52. Kd3 Kf5 53.
Kd2 Re7 54. Ra4 Re6 55. Rb4 Kg5 56. Rg4+ Kh5 57. Ra4 f5 58. Rb4 g5 59. Rb5 f4
60. Rb3 Kh4 61. Ra3 Re5 62. Rb3 Kg3 63. Ra3 Kf2 64. Rd3 Re2+ 65. Kd1 Re3 66.
Rd5 Rxf3 67. Rxg5 Rd3+ 68. Kc2 Rd8 69. Rg4 f3 70. Rg7 Kf1 71. Rf7 f2 72. Rg7
Rd5 73. Rg6 Ke2 74. Re6+ Kf3 75. Rf6+ 75... Ke3 0-1

[Event "AUT-chT 1999/2000"]
[Site "Graz"]
[Date "2000.03.17"]
[Round "9.6"]
[White "Neumeier, Klaus"]
[Black "Pilaj, Herwig"]
[Result "1-0"]
[WhiteElo "2272"]
[BlackElo "2243"]
[PlyCount "49"]
[EventDate "2000.03.17"]

1. e4 c5 2. Nc3 Nc6 3. g3 g6 4. Bg2 Bg7 5. d3 d6 6. f4 e5 7. Nh3 Nge7 8. O-O
Nd4 9. f5 gxf5 10. Qh5 h6 11. Rf2 Be6 12. Be3 Qd7 13. Raf1 O-O-O 14. Nd5 fxe4
15. Nxe7+ 15... Qxe7 {} 16. Bxd4 cxd4 17. Rxf7 Qe8 18. Bxe4 Rd7 19. Bf5 Rxf7
20. Bxe6+ Qxe6 21. Rxf7 Rf8 22. Rxg7 Qf6 23. Qg4+ Kb8 24. Nf4 exf4 25. Qd7 1-0

[Event "AUT-chT 1999/2000"]
[Site "Graz"]
[Date "2000.03.17"]
[Round "9.1"]
[White "Lukacs, Peter"]
[Black "Wells, Peter"]
[Result "1/2-1/2"]
[WhiteElo "2480"]
[BlackElo "2480"]
[PlyCount "37"]
[EventDate "2000.03.17"]

1. d4 Nf6 2. c4 e6 3. Nc3 Bb4 4. e3 b6 5. Bd3 Bb7 6. Nf3 O-O 7. O-O c5 8. Bd2
cxd4 9. exd4 d5 10. cxd5 Nxd5 11. Re1 Be7 12. Rc1 Nd7 13. Qe2 N7f6 14. Ne4 Rc8
15. Ne5 Rxc1 16. Rxc1 Qa8 17. Ng5 h6 18. Ngf3 Bb4 19. a3 {} 1/2-1/2

[Event "AUT-chT 1999/2000"]
[Site "Graz"]
[Date "2000.03.17"]
[Round "9.2"]
[White "Rabiega, Robert"]
[Black "Volkmann, Friedrich Karl"]
[Result "1-0"]
[WhiteElo "2471"]
[BlackElo "2427"]
[PlyCount "43"]
[EventDate "2000.03.17"]

1. e4 c5 2. Nf3 Nc6 3. Bb5 e6 4. O-O Nge7 5. Re1 a6 6. Bxc6 Nxc6 7. d4 cxd4 8.
Nxd4 d6 9. Nxc6 bxc6 10. Qg4 h5 11. Qf3 e5 12. Qc3 Bd7 13. f4 f6 14. Nd2 Be7
15. Nf3 g5 16. fxg5 fxg5 17. Be3 O-O 18. Rf1 Kh7 19. Rad1 19... g4 {} 20. Nxe5
dxe5 21. Rxf8 Bxf8 22. Qd3 1-0

[Event "AUT-chT 1999/2000"]
[Site "Graz"]
[Date "2000.03.17"]
[Round "9.3"]
[White "Schroll, Gerhard"]
[Black "Martinovic, Slobodan"]
[Result "1-0"]
[WhiteElo "2435"]
[BlackElo "2446"]
[PlyCount "95"]
[EventDate "2000.03.17"]

1. c4 Nf6 2. Nc3 d6 3. d4 g6 4. e4 Bg7 5. Be2 O-O 6. Bg5 a6 7. Qd2 Nbd7 8. f3
c6 9. Nh3 b5 10. Nf2 bxc4 11. Bxc4 c5 12. dxc5 Nxc5 13. O-O Be6 14. Bxe6 Nxe6
15. Be3 Qb8 16. Rab1 Qb7 17. Rfc1 Rfc8 18. Na4 Nd7 19. b3 h5 20. Nd3 d5 21.
exd5 Qxd5 22. Nb4 Qxd2 23. Bxd2 Nd4 24. Kf1 e6 25. Rxc8+ Rxc8 26. Rc1 Rxc1+ 27.
Bxc1 a5 28. Nd3 Bf8 29. Be3 Nc6 30. Ke2 e5 31. Nb6 Nxb6 32. Bxb6 Ba3 33. Nc5
Nb4 34. Bxa5 Nxa2 35. Nd3 Nc1+ 36. Nxc1 Bxc1 37. b4 Kf8 38. b5 Ke8 39. b6 e4
40. b7 Bf4 41. g3 exf3+ 42. Kxf3 42... Bb8 {} 43. Bd2 Kd7 44. Bf4 Ba7 45. b8=Q
Bxb8 46. Bxb8 Ke6 47. Ke4 g5 48. Be5 1-0

[Event "AUT-chT 1999/2000"]
[Site "Graz"]
[Date "2000.03.17"]
[Round "9.4"]
[White "Herndl, Harald"]
[Black "Neulinger, Manfred"]
[Result "0-1"]
[WhiteElo "2342"]
[BlackElo "2328"]
[PlyCount "144"]
[EventDate "2000.03.17"]

1. Nf3 Nf6 2. d4 e6 3. e3 b6 4. Bd3 Bb7 5. Nbd2 c5 6. O-O Nc6 7. c3 Qc7 8. a3
a5 9. e4 d5 10. e5 Nd7 11. Qe2 Be7 12. Re1 h6 13. Nf1 Qc8 14. Ng3 Ba6 15. Nh5
g6 16. Nf4 Bxd3 17. Qxd3 Qa6 18. Qb1 Nf8 19. Be3 a4 20. Qc2 Qb5 21. Rad1 Na5
22. h3 Rc8 23. Nh2 h5 24. Nf3 Nb3 25. h4 cxd4 26. Bxd4 Rg8 27. Re3 Nd7 28. Nh3
Rc4 29. Qe2 Qc6 30. Nfg5 Rg7 31. Rf3 Nf8 32. Rf4 Nh7 33. Nf3 b5 34. Qe3 34...
Qb7 {} 35. Rf6 Nxd4 36. Nxd4 Nxf6 37. exf6 Bxf6 38. Nxe6 fxe6 39. Qxe6+ Qe7
40. Qxd5 Rc7 41. Qxb5+ Rd7 42. Nf4 Qe4 43. Nd5 Bd8 44. c4 Kf8 45. Qb4+ Be7 46.
Qxa4 Rd8 47. Qc6 Rf7 48. b4 Qxh4 49. g3 Qg4 50. Rd3 Qf5 51. Rd2 Qb1+ 52. Kg2
Qe4+ 53. Kf1 h4 54. gxh4 Qh1+ 55. Ke2 Qxh4 56. f4 Qg4+ 57. Kd3 Rxf4 58. Kc3 Rc8
59. Qxc8+ Qxc8 60. Nxf4 Qa6 61. Kb3 Bg5 62. Rf2 Bxf4 63. Rxf4+ Kg7 64. Rf3 Qd6
65. Rc3 Qd1+ 66. Kb2 Kf6 67. c5 Ke7 68. c6 Kd8 69. Rc5 Kc7 70. b5 Qd4+ 71. Rc3
g5 72. Kb3 g4 0-1

[Event "AUT-chT 1999/2000"]
[Site "Graz"]
[Date "2000.03.17"]
[Round "9.5"]
[White "Posch, Werner"]
[Black "Ebner, Hubert"]
[Result "0-1"]
[WhiteElo "2267"]
[BlackElo "2245"]
[PlyCount "124"]
[EventDate "2000.03.17"]

1. e4 c5 2. Nc3 Nc6 3. g3 g6 4. Bg2 Bg7 5. d3 d6 6. Nge2 Nd4 7. O-O e6 8. Be3
Ne7 9. Qd2 O-O 10. f4 Rb8 11. a4 b6 12. Bf2 Nxe2+ 13. Qxe2 Nc6 14. Qd2 Nd4 15.
Ra2 Qd7 16. Nd1 Bb7 17. Ne3 f5 18. c3 Nc6 19. Re1 Ne7 20. Qc2 Kh8 21. Nc4 Nc6
22. Raa1 Rfe8 23. Re2 fxe4 24. dxe4 Ba6 25. b3 Na5 26. Rd1 Nxc4 27. bxc4 Bxc4
28. Red2 Bf8 29. h4 Qf7 30. Be3 Rbd8 31. Bf3 e5 32. Rb1 exf4 33. Bxf4 Bg7 34.
Kg2 d5 35. Bg5 Bf6 36. Bxf6+ Qxf6 37. exd5 Re3 38. Qd1 {} 38... Rxf3 39. Qxf3
Bxd5 40. Rxd5 Qxf3+ 41. Kxf3 Rxd5 42. Ke4 Rd6 43. a5 Kg7 44. g4 Kf6 45. g5+ Ke6
46. axb6 axb6 47. Ra1 Rd7 48. Rf1 Kd6 49. Rf6+ Kc7 50. h5 gxh5 51. Rh6 h4 52.
Rxh4 Kc6 53. Ke5 Kb5 54. Ke6 Rb7 55. c4+ Kb4 56. Kd5 Rd7+ 57. Kc6 Rg7 58. Rh5
Kxc4 59. Kxb6 Kb4 60. Kc6 c4 61. Kd5 c3 62. Kd4 Rd7+ 0-1

[Event "AUT-chT 1999/2000"]
[Site "Graz"]
[Date "2000.03.18"]
[Round "10.1"]
[White "Hertneck, Gerald"]
[Black "Wells, Peter"]
[Result "1/2-1/2"]
[WhiteElo "2571"]
[BlackElo "2480"]
[PlyCount "46"]
[EventDate "2000.03.18"]

1. c4 Nf6 2. g3 c6 3. Bg2 d5 4. cxd5 cxd5 5. Nf3 Nc6 6. d4 e6 7. O-O Be7 8. Nc3
O-O 9. Bf4 b6 10. Rc1 Bb7 11. Ne5 Rc8 12. Qa4 a6 13. Nxc6 Rxc6 14. Qb3 b5 15.
Nb1 Rc4 16. Qd3 Ne4 17. b3 Rxc1 18. Rxc1 Qa8 19. f3 Nf6 20. Rc7 Bd8 21. Rc2 Be7
22. Rc7 Bd8 23. Rc2 23... Be7 1/2-1/2

[Event "AUT-chT 1999/2000"]
[Site "Graz"]
[Date "2000.03.18"]
[Round "10.2"]
[White "Rabiega, Robert"]
[Black "Tischbierek, Raj"]
[Result "0-1"]
[WhiteElo "2471"]
[BlackElo "2544"]
[PlyCount "92"]
[EventDate "2000.03.18"]

1. e4 e6 2. d3 d5 3. Qe2 Nf6 4. Nf3 Be7 5. g3 b5 6. e5 Nfd7 7. Bg2 c5 8. h4 Nc6
9. O-O a5 10. Bf4 Ba6 11. Nbd2 b4 12. c3 O-O 13. Rfe1 bxc3 14. bxc3 Rb8 15. Nf1
Nb6 16. Rab1 Qd7 17. h5 Rb7 18. h6 g6 19. N1h2 Rfb8 20. Qc2 Qd8 21. Ng4 Nd7 22.
Rxb7 Rxb7 23. Rb1 Rxb1+ 24. Qxb1 Qb6 25. Qxb6 Nxb6 26. Bg5 Bxg5 27. Nxg5 {}
27... Nd7 28. c4 Ndxe5 29. Nxe5 Nxe5 30. cxd5 Bxd3 31. dxe6 fxe6 32. Nxe6 c4
33. Bd5 c3 34. f4 Bc4 35. Bxc4 Nxc4 36. Nd4 Ne3 37. Kf2 Nf5 38. Ne2 c2 39. Nc1
Kf7 40. g4 Nxh6 41. Kf3 Ke6 42. g5 Nf5 43. Ke4 Nd6+ 44. Kd4 Kf5 45. Ke3 Nb5 46.
Ne2 Kg4 0-1

[Event "AUT-chT 1999/2000"]
[Site "Graz"]
[Date "2000.03.18"]
[Round "10.3"]
[White "Ankerst, Michael"]
[Black "Martinovic, Slobodan"]
[Result "0-1"]
[WhiteElo "2353"]
[BlackElo "2446"]
[PlyCount "68"]
[EventDate "2000.03.18"]

1. e4 c5 2. Nf3 e6 3. c4 d6 4. Nc3 Nc6 5. d4 cxd4 6. Nxd4 Nf6 7. g3 Be7 8. Bg2
Bd7 9. O-O O-O 10. b3 a6 11. Bb2 Qa5 12. a4 Rfd8 13. Nc2 Qb6 14. Ne3 Be8 15.
Rb1 Rac8 16. Ba1 Nb4 17. Qe2 Qc5 18. Kh1 Qh5 19. g4 Qc5 20. Rbc1 h6 21. Bb2 Qa5
22. f4 Nh7 23. Rf3 Nc6 24. Rh3 Qb6 25. Ncd5 exd5 26. Nxd5 Qa7 27. g5 Bd7 28.
gxh6 Bxh3 29. Bxh3 g6 30. f5 g5 31. f6 Bf8 32. Bxc8 Rxc8 33. h4 Re8 34. hxg5
34... Ne5 {Zeit} 0-1

[Event "AUT-chT 1999/2000"]
[Site "Graz"]
[Date "2000.03.18"]
[Round "10.4"]
[White "Herndl, Harald"]
[Black "Opl, Klaus"]
[Result "1/2-1/2"]
[WhiteElo "2342"]
[BlackElo "2340"]
[PlyCount "53"]
[EventDate "2000.03.18"]

1. Nf3 Nf6 2. b3 g6 3. Bb2 Bg7 4. g3 d6 5. Bg2 O-O 6. d4 Nbd7 7. O-O e5 8. dxe5
Ng4 9. Nd4 dxe5 10. Nb5 a6 11. N5a3 Qg5 12. Nc4 Rb8 13. Nc3 h5 14. h4 Qd8 15.
Ne4 Re8 16. Qd5 Qe7 17. Ba3 Qe6 18. Qxe6 Rxe6 19. Rad1 Re8 20. Bb2 Nf8 21. e3
b6 22. Ng5 Bb7 23. Bxb7 Rxb7 24. e4 f6 25. Nf3 Ne6 26. b4 Rbb8 27. Rd7 1/2-1/2

[Event "AUT-chT 1999/2000"]
[Site "Graz"]
[Date "2000.03.18"]
[Round "10.5"]
[White "Druckenthaner, Andreas"]
[Black "Ebner, Hubert"]
[Result "1-0"]
[WhiteElo "2300"]
[BlackElo "2245"]
[PlyCount "81"]
[EventDate "2000.03.18"]

1. d4 Nf6 2. Nf3 g6 3. c4 Bg7 4. Nc3 O-O 5. Bg5 h6 6. Bh4 c5 7. e3 d6 8. Be2
cxd4 9. Nxd4 Nc6 10. O-O Bd7 11. Rc1 Re8 12. a3 a5 13. Ndb5 Rc8 14. f4 Nb8 15.
Na7 Rc7 16. e4 Bc6 17. Bd3 Nbd7 18. b4 Qa8 19. Nab5 Bxb5 20. Nxb5 Rc6 21. Kh1
Qb8 22. c5 axb4 23. axb4 dxc5 24. e5 {} 24... Nxe5 25. fxe5 Qxe5 26. Bg3 Qb2
27. Na7 Re6 28. bxc5 Rd8 29. Qc2 Qa3 30. Bc4 Re3 31. Nb5 Qa5 32. Bc7 Qd2 33.
Bxd8 Qxd8 34. Qxg6 e6 35. Qc2 Ng4 36. Be2 Rxe2 37. Qxe2 Qh4 38. g3 Qh5 39. Rc4
Qd5+ 40. Qe4 Qh5 41. Qxg4 1-0

[Event "AUT-chT 1999/2000"]
[Site "Graz"]
[Date "2000.03.18"]
[Round "10.6"]
[White "Kastner, Walter"]
[Black "Enigl, Karl"]
[Result "1/2-1/2"]
[WhiteElo "2310"]
[BlackElo "2212"]
[PlyCount "26"]
[EventDate "2000.03.18"]

1. c4 e6 2. Nc3 d5 3. d4 c6 4. cxd5 exd5 5. Nf3 Bf5 6. Bf4 Nd7 7. e3 Qb6 8. Qc1
Ngf6 9. Be2 Be7 10. h3 h6 11. a3 a5 12. O-O O-O 13. Nd2 13... Rfc8 1/2-1/2

[Event "AUT-chT 1999/2000"]
[Site "Graz"]
[Date "2000.03.18"]
[Round "10.1"]
[White "Vogt, Lothar"]
[Black "Lukacs, Peter"]
[Result "1/2-1/2"]
[WhiteElo "2490"]
[BlackElo "2480"]
[PlyCount "41"]
[EventDate "2000.03.18"]

1. e4 e5 2. Nf3 Nc6 3. Bb5 a6 4. Ba4 Nf6 5. O-O Be7 6. Bxc6 dxc6 7. d3 Nd7 8.
Nbd2 f6 9. Nh4 g6 10. Nhf3 Nc5 11. Kh1 O-O 12. Ng1 Ne6 13. Ne2 c5 14. Nb3 a5
15. a4 b6 16. f4 exf4 17. Nxf4 Nxf4 18. Bxf4 Bb7 19. Nd2 Qd7 20. b3 f5 21. Qe1
1/2-1/2

[Event "AUT-chT 1999/2000"]
[Site "Graz"]
[Date "2000.03.18"]
[Round "10.2"]
[White "Volkmann, Friedrich Karl"]
[Black "Lehner, Oliver"]
[Result "1/2-1/2"]
[WhiteElo "2427"]
[BlackElo "2401"]
[PlyCount "39"]
[EventDate "2000.03.18"]

1. e4 c6 2. d4 d5 3. Nc3 dxe4 4. Nxe4 Bf5 5. Ng3 Bg6 6. h4 h6 7. Nf3 Nd7 8. h5
Bh7 9. Bd3 Bxd3 10. Qxd3 Ngf6 11. Bd2 e6 12. O-O-O Be7 13. Qe2 a5 14. Ne5 O-O
15. f4 Re8 16. c4 Bb4 17. Ne4 Nxe4 18. Qxe4 Nxe5 19. dxe5 f5 20. Qe2 1/2-1/2

[Event "AUT-chT 1999/2000"]
[Site "Graz"]
[Date "2000.03.18"]
[Round "10.3"]
[White "Videki, Sandor"]
[Black "Schroll, Gerhard"]
[Result "1-0"]
[WhiteElo "2443"]
[BlackElo "2435"]
[PlyCount "73"]
[EventDate "2000.03.18"]

1. e4 d5 2. exd5 Qxd5 3. Nc3 Qa5 4. d4 Nf6 5. Nf3 c6 6. Ne5 Bf5 7. Bc4 e6 8.
Bd2 Qb6 9. Qe2 Qxd4 10. O-O-O 10... Bc5 {} 11. Bh6 gxh6 12. Rxd4 Bxd4 13. g4
Bxe5 14. gxf5 Bf4+ 15. Kb1 e5 16. Qf3 Nbd7 17. Ne2 Nb6 18. Bb3 Bd2 19. Qg3 Nbd7
20. Rd1 Ba5 21. Qh4 Rf8 22. a3 O-O-O 23. Rd6 Rde8 24. Qxh6 Ne4 25. Rd1 Nxf2 26.
Rg1 Ne4 27. Rg7 Ndc5 28. Bxf7 Rd8 29. Ka2 Rd2 30. Be6+ Kb8 31. Rxb7+ Kxb7 32.
Qxf8 Rxc2 33. Qc8+ Kb6 34. Qd8+ Kb5 35. Qb8+ Bb6 36. Qg8 a5 37. Kb1 1-0

[Event "AUT-chT 1999/2000"]
[Site "Graz"]
[Date "2000.03.18"]
[Round "10.4"]
[White "Neulinger, Manfred"]
[Black "Ganaus, Hannes"]
[Result "1/2-1/2"]
[WhiteElo "2328"]
[BlackElo "2344"]
[PlyCount "20"]
[EventDate "2000.03.18"]

1. Nf3 d5 2. g3 c6 3. Bg2 Nf6 4. d3 Bf5 5. Nbd2 e6 6. O-O h6 7. b3 Bc5 8. Bb2
Bh7 9. a3 a5 10. Ne5 10... O-O 1/2-1/2

[Event "AUT-chT 1999/2000"]
[Site "Graz"]
[Date "2000.03.18"]
[Round "10.5"]
[White "Neubauer, Martin"]
[Black "Posch, Werner"]
[Result "1/2-1/2"]
[WhiteElo "2348"]
[BlackElo "2267"]
[PlyCount "120"]
[EventDate "2000.03.18"]

1. Nf3 d5 2. g3 Nf6 3. Bg2 c6 4. O-O Bg4 5. h3 Bh5 6. d3 Nbd7 7. Nc3 e5 8. e4
dxe4 9. dxe4 Bc5 10. Qe1 O-O 11. Nh4 Re8 12. Kh1 Nf8 13. Na4 Be7 14. Nf5 Ne6
15. f4 exf4 16. gxf4 Nd4 17. Ng3 Nxc2 18. Qf2 Nxa1 19. e5 Bd1 20. Nc3 Nh5 21.
Rxd1 Nxg3+ 22. Qxg3 Qb6 23. f5 Bf8 24. Be4 Rad8 25. Rg1 Qd4 26. Bf4 f6 27. Rxa1
fxe5 28. Bh6 Rd6 29. Be3 Qb4 30. Qf2 Rd4 31. a3 Qb3 32. Bxd4 exd4 33. Bb1 Qb6
34. Ne4 c5 35. Ba2+ Kh8 36. Ng5 Qc6+ 37. Kg1 c4 38. Ne6 d3 39. Nxf8 Rxf8 40.
Re1 b5 41. Bb1 Qd6 42. Qf3 g6 43. Bxd3 cxd3 44. Rd1 Qd4+ 45. Kh1 d2 46. Qg2 Qe3
47. Rxd2 Qe1+ 48. Kh2 Qe5+ 49. Qg3 Qxf5 50. Qc3+ Kg8 51. Qb3+ Rf7 52. Rd8+ Kg7
53. Qc3+ Kh6 54. Qd2+ g5 55. Rd6+ Kh5 56. Qe2+ Qf3 57. Qe8 Qf2+ 58. Kh1 Qf1+
59. Kh2 Qf4+ 60. Kg2 60... Qf2+ 1/2-1/2

[Event "AUT-chT 1999/2000"]
[Site "Graz"]
[Date "2000.03.18"]
[Round "10.6"]
[White "Wiedner, Robert"]
[Black "Neumeier, Klaus"]
[Result "1/2-1/2"]
[WhiteElo "2180"]
[BlackElo "2272"]
[PlyCount "47"]
[EventDate "2000.03.18"]

1. c4 g6 2. g3 Bg7 3. Bg2 d6 4. d4 Nf6 5. Nc3 O-O 6. Nf3 Nbd7 7. O-O e5 8. e3
Re8 9. h3 c6 10. Nd2 Nf8 11. Kh2 exd4 12. exd4 Bf5 13. Nf3 Ne4 14. Qb3 Nxc3 15.
Qxc3 Be4 16. Be3 Ne6 17. Nd2 Bxg2 18. Kxg2 b6 19. Nf3 d5 20. Rac1 Rc8 21. Rfd1
Qd6 22. Qb3 Red8 23. Rd2 h5 24. cxd5 1/2-1/2

[Event "AUT-chT 1999/2000"]
[Site "Graz"]
[Date "2000.03.18"]
[Round "10.1"]
[White "Loeffler, Stefan"]
[Black "Hoelzl, Franz"]
[Result "1-0"]
[WhiteElo "2412"]
[BlackElo "2428"]
[PlyCount "55"]
[EventDate "2000.03.18"]

1. Nf3 c5 2. g3 b6 3. Bg2 Bb7 4. O-O g6 5. d4 cxd4 6. Qxd4 Nf6 7. e4 Nc6 8. Qa4
Bg7 9. Nc3 O-O 10. e5 Ne8 11. Re1 d6 12. e6 f5 13. Bg5 Na5 14. Rad1 {} 14...
Bxc3 15. bxc3 Bxf3 16. Bxf3 Rc8 17. Bh6 Nf6 18. Bxf8 Kxf8 19. Rd3 Rc5 20. h4
Kg7 21. Qf4 h5 22. Qg5 Nc4 23. Rd4 Qc7 24. Be2 Ne5 25. c4 Nc6 26. Rd5 Nb4 27.
Rxc5 Qxc5 28. Bxh5 1-0

[Event "AUT-chT 1999/2000"]
[Site "Graz"]
[Date "2000.03.18"]
[Round "10.2"]
[White "Horvath, Csaba"]
[Black "Popovic, Petar"]
[Result "1-0"]
[WhiteElo "2512"]
[BlackElo "2473"]
[PlyCount "49"]
[EventDate "2000.03.18"]

1. d4 Nf6 2. c4 g6 3. Nc3 Bg7 4. e4 d6 5. Bg5 O-O 6. Qd2 c6 7. f3 a6 8. h4 h5
9. Nh3 c5 10. dxc5 dxc5 11. Qxd8 Rxd8 12. e5 Bxh3 13. Rxh3 13... Nfd7 {} 14.
e6 Bxc3+ 15. bxc3 f6 16. O-O-O fxg5 17. Rg3 Kg7 18. Rxg5 b6 19. g4 hxg4 20.
fxg4 Kf6 21. exd7 Nxd7 22. Rgd5 Ra7 23. g5+ Kf7 24. Bh3 e6 25. Rd6 1-0

[Event "AUT-chT 1999/2000"]
[Site "Graz"]
[Date "2000.03.18"]
[Round "10.3"]
[White "Lau, Ralf"]
[Black "Moser, Guenter"]
[Result "1/2-1/2"]
[WhiteElo "2502"]
[BlackElo "2315"]
[PlyCount "120"]
[EventDate "2000.03.18"]

1. e4 c6 2. d4 d5 3. Nc3 dxe4 4. Nxe4 Bf5 5. Ng3 Bg6 6. N1e2 e6 7. Nf4 Nd7 8.
h4 Ne7 9. h5 Bf5 10. c3 Qc7 11. Nxf5 Nxf5 12. Qf3 O-O-O 13. g4 Nd6 14. Nd3 Be7
15. Bf4 Qa5 16. Bg2 f5 17. Qe2 fxg4 18. Qxe6 Qf5 19. Qxf5 Nxf5 20. O-O-O Bd6
21. Bxd6 Nxd6 22. Rdg1 g6 23. hxg6 hxg6 24. Rxh8 Rxh8 25. Bf1 Rh2 26. Be2 Ne4
27. Bxg4 Nxf2 28. Bxd7+ Kxd7 29. Nxf2 Rxf2 30. Rxg6 Kc7 31. Rg7+ Kb6 32. a4 a5
33. Kb1 Rh2 34. Ka2 Rf2 35. Kb3 Rh2 36. Rg3 Rd2 37. Rg1 Rh2 38. Rb1 Rg2 39. Kc4
Rh2 40. b3 Rh3 41. Re1 Rg3 42. Re7 Rh3 43. Re8 Kc7 44. Ra8 Kb6 45. b4 axb4 46.
Kxb4 Kc7 47. a5 Rh1 48. Rg8 Rb1+ 49. Kc4 Rb5 50. Ra8 Rh5 51. Kd3 Rg5 52. Kc2
Rb5 53. c4 Rb4 54. Kc3 Ra4 55. Kb3 Ra1 56. Kb4 Rb1+ 57. Kc5 Ra1 58. Kb4 Rb1+
59. Kc3 Ra1 60. Kb2 60... Ra4 1/2-1/2

[Event "AUT-chT 1999/2000"]
[Site "Graz"]
[Date "2000.03.18"]
[Round "10.4"]
[White "Steflitsch, Erich"]
[Black "Penz, Harald"]
[Result "1-0"]
[WhiteElo "2336"]
[BlackElo "2403"]
[PlyCount "79"]
[EventDate "2000.03.18"]

1. e4 e5 2. Nf3 Nf6 3. d4 Nxe4 4. Bd3 d5 5. Nxe5 Nd7 6. Nxd7 Bxd7 7. O-O Be7 8.
c4 Nf6 9. cxd5 Nxd5 10. Re1 Be6 11. Rxe6 fxe6 12. Qh5+ Kd7 13. Nc3 Nxc3 14.
bxc3 c6 15. Rb1 b6 16. c4 Kc7 17. Bf4+ Bd6 18. Be3 g6 19. Qh3 e5 20. Be4 Rb8
21. Rd1 Qc8 22. Qh4 Qe8 23. c5 bxc5 24. dxc5 24... Bf8 {} 25. Qf6 Rg8 26. f4
Rg7 27. Rd6 Qe7 28. Rxc6+ Kd7 29. fxe5 Rf7 30. e6+ Ke8 31. exf7+ Qxf7 32. Re6+
Be7 33. Bc6+ Kf8 34. Qh8+ Qg8 35. Rf6+ Bxf6 36. Qxf6+ Qf7 37. Bh6+ Kg8 38. Bd5
Rb1+ 39. Kf2 Rb2+ 40. Ke3 1-0

[Event "AUT-chT 1999/2000"]
[Site "Graz"]
[Date "2000.03.18"]
[Round "10.5"]
[White "Bawart, Markus"]
[Black "Titz, Heimo"]
[Result "1-0"]
[WhiteElo "2395"]
[BlackElo "2297"]
[PlyCount "122"]
[EventDate "2000.03.18"]

1. e4 c5 2. Nf3 Nc6 3. d4 cxd4 4. Nxd4 Nf6 5. Nc3 d6 6. f3 e5 7. Nb3 Be7 8. Be3
O-O 9. Qd2 Be6 10. Nd5 Nb8 11. c4 b6 12. O-O-O Nxd5 13. cxd5 Bc8 14. Kb1 Bb7
15. g4 Nd7 16. h4 Nc5 17. g5 f5 18. Nxc5 bxc5 19. Bh3 19... Bc8 {} 20. Bxc5
fxe4 21. fxe4 Bxh3 22. Rxh3 Qc8 23. Rc3 Qg4 24. Be3 Qxe4+ 25. Qc2 Qxh4 26. Rc7
Qh3 27. Rxe7 Qxe3 28. Rh1 e4 29. g6 Qd3 30. gxh7+ Kh8 31. Qxd3 exd3 32. Re3 d2
33. Re2 d1=Q+ 34. Rxd1 Kxh7 35. Re7 Rfe8 36. Rh1+ Kg8 37. Rhe1 Rxe7 38. Rxe7 a5
39. Rd7 Ra6 40. Kc2 a4 41. Kd3 Kf8 42. Rb7 Ra5 43. Ke4 g6 44. b4 axb3 45. axb3
Ra1 46. b4 Re1+ 47. Kd4 g5 48. Rd7 Rd1+ 49. Kc4 Rc1+ 50. Kb5 g4 51. Rxd6 Kf7
52. Re6 g3 53. Re2 Kf6 54. d6 Rd1 55. Kc6 Rc1+ 56. Kb6 Rd1 57. Kc7 Rc1+ 58. Kd8
Kf5 59. d7 Kf4 60. Ke8 Kf3 61. Rd2 Re1+ 1-0

[Event "AUT-chT 1999/2000"]
[Site "Graz"]
[Date "2000.03.18"]
[Round "10.6"]
[White "Pilaj, Herwig"]
[Black "Janetschek, Karl"]
[Result "1-0"]
[WhiteElo "2243"]
[BlackElo "2283"]
[PlyCount "61"]
[EventDate "2000.03.18"]

1. d4 e6 2. e4 c5 3. c3 d5 4. e5 Nc6 5. Be3 Qb6 6. Qd2 Bd7 7. Nf3 Nh6 8. Bd3
cxd4 9. cxd4 Nb4 10. Be2 Nf5 11. Nc3 h6 12. O-O Be7 13. Rad1 Nxe3 14. fxe3
O-O-O 15. a3 Na6 16. b4 Nc7 17. Ne1 f6 18. Nd3 Bb5 19. Nxb5 Nxb5 20. a4 Nxd4
21. exd4 Qxd4+ 22. Kh1 fxe5 23. Qc2+ Kb8 24. Nc5 Bxc5 25. bxc5 Qh4 26. Rf7 Rhf8
27. Rxg7 Rg8 28. Rxg8 Rxg8 29. Qb2 Qg5 30. Ba6 Qg7 31. Rb1 1-0

[Event "AUT-chT 1999/2000"]
[Site "Graz"]
[Date "2000.03.18"]
[Round "10.1"]
[White "Lanka, Zigurds"]
[Black "Almasi, Zoltan"]
[Result "1-0"]
[WhiteElo "2501"]
[BlackElo "2664"]
[PlyCount "79"]
[EventDate "2000.03.18"]

1. e4 e5 2. Nf3 Nc6 3. Bb5 a6 4. Ba4 Nf6 5. O-O Be7 6. Re1 b5 7. Bb3 d6 8. c3
O-O 9. h3 Re8 10. d4 Bb7 11. a4 h6 12. Nbd2 Bf8 13. Bc2 exd4 14. Nxd4 g6 15. b3
Bg7 16. Bb2 Nh5 17. axb5 Nxd4 18. cxd4 axb5 19. Rxa8 Bxa8 20. Ba1 Nf4 21. Kh2
Qh4 22. Rf1 f5 23. f3 Nh5 24. Qe1 Qf4+ 25. g3 Nxg3 26. Qxg3 Qxd2+ 27. Rf2 Qe1
28. Bb2 g5 29. Bd3 Qb4 30. e5 dxe5 31. dxe5 f4 32. Qg4 Qxb3 33. Qf5 {} 33...
Qe6 34. Qh7+ Kf8 35. Ba3+ Kf7 36. Bf5 Qb6 37. Rd2 Bd5 38. e6+ Rxe6 39. Bb2 Rf6
40. Bxf6 1-0

[Event "AUT-chT 1999/2000"]
[Site "Graz"]
[Date "2000.03.18"]
[Round "10.2"]
[White "Wach, Markus"]
[Black "Maiwald, Jens-Uwe"]
[Result "1/2-1/2"]
[WhiteElo "2397"]
[BlackElo "2507"]
[PlyCount "52"]
[EventDate "2000.03.18"]

1. e4 c5 2. c3 Nf6 3. e5 Nd5 4. d4 cxd4 5. Nf3 e6 6. cxd4 d6 7. Bc4 Nb6 8. Bd3
Nc6 9. Nc3 dxe5 10. dxe5 Nb4 11. Be4 Qxd1+ 12. Kxd1 Bd7 13. a3 N4d5 14. Nxd5
exd5 15. Bd3 Na4 16. Re1 Bc5 17. Ke2 Bb6 18. b4 d4 19. Kf1 O-O 20. Ng5 h6 21.
Ne4 Bc6 22. Nd6 Rad8 23. Ra2 Bc7 24. Bf4 Nc3 25. Rd2 b5 26. Rc2 26... a6
1/2-1/2

[Event "AUT-chT 1999/2000"]
[Site "Graz"]
[Date "2000.03.18"]
[Round "10.3"]
[White "Gross, David"]
[Black "Baumegger, Siegfried"]
[Result "1-0"]
[WhiteElo "2427"]
[BlackElo "2421"]
[PlyCount "51"]
[EventDate "2000.03.18"]

1. e4 c5 2. Nf3 Nc6 3. d4 cxd4 4. Nxd4 Nf6 5. Nc3 d6 6. Bg5 e6 7. Qd2 Be7 8.
O-O-O O-O 9. f4 h6 10. Bh4 Bd7 11. Nf3 Qa5 12. Kb1 Rfd8 13. Qe1 Be8 14. Bd3
Rac8 15. g4 b5 16. g5 hxg5 17. Bxg5 Nb4 18. Rg1 d5 19. e5 Rxc3 20. Qxc3 Qxa2+
21. Kc1 Qa5 22. Qd4 Nxd3+ 23. cxd3 Rc8+ 24. Kb1 24... Bc5 {} 25. Bxf6 g6 26.
Rg3 1-0

[Event "AUT-chT 1999/2000"]
[Site "Graz"]
[Date "2000.03.18"]
[Round "10.4"]
[White "Freitag, Manfred"]
[Black "Proehl, Holger"]
[Result "0-1"]
[WhiteElo "2373"]
[BlackElo "2389"]
[PlyCount "85"]
[EventDate "2000.03.18"]

1. d4 d5 2. c4 e6 3. Nc3 Be7 4. Bf4 Nf6 5. e3 O-O 6. Nf3 a6 7. Qc2 Nbd7 8. cxd5
exd5 9. h3 Re8 10. Bd3 Nf8 11. g4 Be6 12. Ng5 Rc8 13. Nxe6 Nxe6 14. Be5 c5 15.
Bf5 cxd4 16. exd4 Bb4 17. O-O Bxc3 18. bxc3 g6 19. Bxe6 Rxe6 20. f3 Rec6 21.
Rac1 Nd7 22. Qd2 Nxe5 23. dxe5 Qa5 24. Rcd1 Rd8 25. Rc1 {} 25... d4 26. Rfd1
Qxe5 27. cxd4 Rxd4 28. Qf2 Rxc1 29. Rxc1 Kg7 30. Kg2 Ra4 31. Rc2 b5 32. Re2 Qf6
33. Qc5 Rc4 34. Qd5 Rc1 35. Kg3 g5 36. Qe5 h6 37. Qxf6+ Kxf6 38. h4 b4 39.
hxg5+ hxg5 40. Kf2 a5 41. Kg3 Rc5 42. Kf2 a4 43. Rb2 0-1